|
|
|
|
| LEADER |
00000nab a2200000 a 4500 |
| 001 |
vtls000516636 |
| 003 |
SK-MaSNL |
| 005 |
20260304210053.0 |
| 008 |
250425c1994 xo 0 slo |
| 015 |
|
|
|a SNBRB19rr/mm-uuuuu
|
| 035 |
|
|
|a CL0516774
|
| 035 |
|
|
|a urn:nbn:sk:snk-ab1zs4
|
| 035 |
|
|
|a (urnnbn)urn:nbn:sk:snk:ar-a01c01
|
| 035 |
|
|
|a (uuid)76a80f49-230f-4d7b-8d44-be8e6d36554f
|
| 040 |
|
|
|a SNKBUCL
|b slo
|c SNKBUCL
|e AACR2
|
| 041 |
0 |
|
|a slo
|
| 044 |
|
|
|a xo
|c SK
|
| 080 |
|
|
|a 792.5
|2 1981
|
| 100 |
1 |
|
|a Varga, Jozef
|4 aut
|9 5136
|
| 245 |
1 |
0 |
|a Aida a Don Carlos opäť v Budapešti
|c Jozef Varga
|
| 300 |
|
|
|b Fotogr. 1
|
| 600 |
1 |
7 |
|a Verdi, Giuseppe,
|d 1813-1901
|t Aida
|2 snkbucl
|9 29384
|
| 600 |
1 |
7 |
|a Verdi, Giuseppe,
|d 1813-1901
|t Don Carlos
|2 snkbucl
|9 70044
|
| 610 |
2 |
7 |
|a Magyar állami operaház
|2 snkbucl
|9 256723
|
| 655 |
|
7 |
|a recenzie
|2 snkbucl
|9 21907
|
| 655 |
|
7 |
|a články z novín a časopisov
|2 snkbucl
|9 267496
|
| 773 |
0 |
|
|t Hudobný život '94
|g Roč. 26, č. 10 (1994), s. 6
|
| 850 |
|
|
|a Slovenská národná knižnica
|
| 852 |
|
|
|a Slovenská národná knižnica
|
| 954 |
|
|
|a odborná, vedecká literatúra pôvodná (slovenská)
|2 lita
|
| 958 |
|
|
|a article27
|
| 958 |
|
|
|a OND
|
| 958 |
|
|
|a RK
|
| 958 |
|
|
|a HU
|
| 958 |
|
|
|a EUIPO
|
| 992 |
|
|
|a RBX
|
| 999 |
|
|
|c 3124366
|d 3126296
|